| 000 | 00441pab a2200169 454500 | ||
|---|---|---|---|
| 008 | 180718b1987 xxu||||| |||| 00| 0 eng d | ||
| 100 | _aBendor, Jonathan, | ||
| 245 |
_aStocking the deck _bBureaucratic missions and policy design |
||
| 260 | _c1987 | ||
| 300 | _a873-96 | ||
| 362 | _aSep. | ||
| 650 | _aBureaucracy | ||
| 700 | _aRoland Van Gaalen | ||
| 700 | _aSerge Tayler | ||
| 773 | _aAmerican Political Science Review | ||
| 909 | _a4910 | ||
| 999 |
_c4910 _d4910 |
||